Pays du monde - Carte quiz - Statistiques

Statistiques générales
  • Ce quiz a été pris 359 fois
    308 depuis la dernière actualisation
  • Le résultat moyen est 96 sur 180
Réponses sur la Carte
Les réponses sont colorées sur une échelle allant du rouge au vert en fonction du pourcentage des utilisateurs qui les ont devinées à leur premier essai. Vous pouvez retrouver ces pourcentages ci-dessous.
 
Statistiques - réponses
Réponse % Correct
Allemagne
80%
Afrique du Sud
79%
Argentine
79%
Australie
78%
Brésil
78%
Algérie
76%
France
76%
Corée du Nord
74%
Canada
73%
Danemark
73%
Etats-Unis
73%
Bélgique
72%
Chili
72%
Chine
72%
Espagne
71%
Arabie Saoudite
70%
Biélorussie
70%
Autriche
68%
Bolivie
68%
Chypre
68%
Russie
68%
Corée du Sud
67%
Estonie
66%
Norvège
66%
Inde
65%
Colombie
64%
Irlande
64%
Madagascar
64%
Egypte
63%
FInlande
63%
Italie
63%
Japon
63%
Mexique
63%
Portugal
63%
Royaume-Uni
63%
Cap-Vert
62%
Equateur
62%
Islande
62%
Malte
62%
Maroc
62%
Bangladesh
61%
Grèce
61%
Angola
60%
Cambodge
60%
Indonésie
60%
Pays-Bas
60%
Pérou
60%
Albanie
59%
Bahamas
59%
Libye
59%
Thaïlande
59%
Croatie
58%
Emirats Arabes Unis
58%
Luxembourg
58%
Mongolie
58%
Pologne
58%
Suisse
58%
Tunisie
58%
Turquie
58%
Cuba
57%
Lettonie
57%
Suède
57%
Ukraine
57%
Afghanistan
56%
Costa Rica
56%
Kazakhstan
56%
Mauritanie
56%
Paraguay
56%
Sri Lanka
56%
Bulgarie
55%
Guyana
55%
Philippines
55%
Uruguay
55%
Birmanie
54%
Haitï
54%
Nouvelle-Zélande
54%
Pakistan
54%
Belize
53%
Bosnie-Herzégovine
53%
Burkina Faso
53%
Djibouti
53%
Israël
53%
Lituanie
53%
Mali
53%
Nigeria
53%
Panama
53%
Qatar
53%
République tchèque
53%
Venezuela
53%
Yémen
53%
Azerbaïdjan
52%
Comores
52%
Guatemala
52%
Hongrie
52%
Kenya
52%
Oman
52%
Suriname
52%
Taïwan
52%
Lesotho
51%
Maldives
51%
Népal
51%
République démocratique du Congo
51%
Roumanie
51%
Soudan
51%
Arménie
50%
Ethiopie
50%
Irak
50%
Jamaïque
50%
Koweït
50%
Laos
50%
Malaisie
50%
Niger
50%
République Centrafricaine
50%
République dominicaine
50%
Somalie
50%
Soudan du Sud
50%
Tchad
50%
Viêt Nam
50%
Zimbabwe
50%
Bhoutan
49%
Iran
49%
Moldavie
49%
Seychelles
49%
Bénin
48%
Botswana
48%
Côte d'Ivoire
48%
Macédoine du Nord
48%
Papouasie-Nouvelle-Guinée
48%
Cameroun
47%
Erythrée
47%
Géorgie
47%
Jordanie
47%
Kosovo
47%
Sao Tomé-et-Principe
47%
Sénégal
47%
Slovaquie
46%
Eswatini
45%
Guinée
45%
Île Maurice
45%
Ouzbékistan
45%
Syrie
45%
Tanzanie
45%
Burundi
44%
Gabon
44%
Guinée équatoriale
44%
Mozambique
44%
Nicaragua
44%
République du Congo
44%
Serbie
44%
Slovénie
44%
Timor Oriental
44%
Ghana
43%
Kirghizistan
43%
Malawi
43%
Namibie
43%
Salvador
43%
Togo
43%
Honduras
42%
Liban
42%
Micronésie
42%
Sierra Leone
42%
Guinée-Bissau
41%
Monténégro
41%
Ouganda
41%
Rwanda
41%
Gambie
40%
Kiribati
39%
Zambie
39%
Liberia
37%
Turkménistan
37%
Tadjikistan
36%
Fidji
33%
Îles Marshall
32%
Palaos
30%
Salomon
29%
Tonga
28%
Nauru
27%
Samoa
27%
Vanuatu
23%
Tuvalu
21%
Aucun quiz correspondant
Distribution des résultats
% des personnes avec chaque résultat
Percentile par nombre de réponses
Votre historique - résultats
Vous n’avez pas pris ce quiz depuis la dernière actualisation